Hazard bản chất - xử lý : Sách chuyên khảo với 133 hình, 17 bảng

Cuốn sách tập trung nghiên cứu khảo sát hazard trong các mạch điện tử, không chỉ cho biết bản chất của hazard mà còn đi sâu vào các vấn đề cốt lõi về những nguyên nhân gây ra hazard, cách xác định hazard trong một mạng mạch bất kỳ và cả những...

Cur síos iomlán

Đã lưu trong:
Sonraí Bibleagrafaíochta
Príomhúdar: Nguyễn, Quý Thường
Formáid: Leabhar
Teanga:Undetermined
Foilsithe: Hà Nội Đại học Quốc gia Hà Nội 2009
Ábhair:
Clibeanna: Cuir Clib Leis
Gan Chlibeanna, Bí ar an gcéad duine leis an taifead seo a chlibeáil!
Thư viện lưu trữ: Trung tâm Học liệu Trường Đại học Cần Thơ
LEADER 01105nam a2200217Ia 4500
001 CTU_159508
008 210402s9999 xx 000 0 und d
020 |c 22000 
082 |a 621.3815 
082 |b Th561 
100 |a Nguyễn, Quý Thường 
245 0 |a Hazard bản chất - xử lý : 
245 0 |b Sách chuyên khảo với 133 hình, 17 bảng 
245 0 |c Nguyễn Quý Thường 
260 |a Hà Nội 
260 |b Đại học Quốc gia Hà Nội 
260 |c 2009 
520 |a Cuốn sách tập trung nghiên cứu khảo sát hazard trong các mạch điện tử, không chỉ cho biết bản chất của hazard mà còn đi sâu vào các vấn đề cốt lõi về những nguyên nhân gây ra hazard, cách xác định hazard trong một mạng mạch bất kỳ và cả những phương pháp thiết kế mạch không có hazard. 
650 |a Electronic circuits,Mạch điện tử 
904 |i Thảo, Hải 
980 |a Trung tâm Học liệu Trường Đại học Cần Thơ